000 01562nam0a2200409 4500
001 RU\NLR\bibl\514696
005 20260405195154.0
010 _a5-02-018382-2
_bв обл.
_9850
021 _aRU
_b2004-756
_943
035 _aRSL-KNO-002403749
035 _a(NLR Aleph) 000507146
090 _a1210115
_c1210115
100 _a20040303d2003 |||y0rusy50 ca
101 0 _arus
102 _aRU
105 _aac |||||||||
106 _ar
200 1 _aИз индийской корзины
_eИст. интерпретации
_fИрина Глушкова
210 _aМ.
_cВост. лит.
_d2003
_eППП Тип. Наука
215 _a296 c., [8] л. цв. ил., портр.
_d22
225 1 _aРассказы о странах Востока
_fРедкол.: Л.Б. Алаев (пред.) и др.
606 0 _aИндуизм
_91031374
_3RU\NLR\auth\6677912
606 0 _aИндийский фольклор
_9973076
_3RU\NLR\auth\6646427
606 0 _aИндийская литература
_91110024
_3RU\NLR\auth\66118615
607 _aИндия
_xИстория
_z20 - 21 вв.
_92287305
_3RU\NLR\auth\661370036
686 _aЭ331
686 _aТ3(5Ид)63,02
686 _aШ3(57Ид)-3,0
686 _aШ5(5Ид)-3,0
700 1 _4070
_7ca
_8rus
_aГлушкова
_bИ. П.
_gИрина Петровна
_969790
_3RU\NLR\auth\7786862
801 0 _aRU
_bRuMoRKP
_c20040303
_gPSBO
801 1 _aRU
_bRuMoRKP
_c20040303
801 2 _aRU
_bNLR
_c20040423
_gPSBO
942 _cBOOK
980 _aNB